00995nam a2200205Ia 4500008004100000020001500041041001200056082001600068100002300084245008600107260004900193300000800242650000700250700001800257942000700275999001500282952015900297952016000456952017300616221030s9999 xx 000 0 und d a8122410421 aEnglish a105.23bBha aS. K. Bhattacharya 0aExperiments in Basic Electrical Engineeringcby S. K. Bhattacharya, K. M. Rastogi bNew Age International Pub.aNew Delhic1997 a275 aEE aK. M. Rastogi cBK c6403d6403 pBE 904g135.00l0o105.23 Bhar2024-06-13 00:00:00w2022-10-30yBK003Print4070aMIETLIBbMIETLIBcBL-First, FL-1, CUP-36, SH-1, R-1d2000-02-0210HBE pBE 2533g150.00l0o105.23 Bhar2024-06-13 00:00:00w2022-10-30yBK003Print4070aMIETLIBbMIETLIBcBL-First, FL-1, CUP-36, SH-1, R-1d2001-02-0910HBE pBE 3152g150.00l0o105.23 Batr2024-06-13 00:00:00w2022-10-30yBK003Print4070aMIETLIBbMIETLIBcBL-Academic Block - A, FL-1, CUP-36, SH-1, R-1d2001-03-1910HBE